| 000 | 01228nam2a22002651 4500 | ||
|---|---|---|---|
| 001 | RU\NLR\INFOCOMM10\1000281239 | ||
| 005 | 20250617124603.0 | ||
| 035 | _a(NLR Aleph) 002609630 | ||
| 090 |
_a3518330 _c3518330 |
||
| 100 | _a20040913d1968 |||y0rusy50 ca | ||
| 101 | 0 | _arus | |
| 102 | _aRU | ||
| 105 | _ay ||||||||| | ||
| 200 | 1 |
_aКолориметрическое определение фосфора в электролитной меди, известняках и шлаках при содержании его от 0, 002 до 0, 50% _fЛ.П. Шатунова |
|
| 210 |
_d1968 _aБ. м. |
||
| 225 | 1 |
_aТема 6 _vВып.54 |
|
| 461 | 0 |
_1001RU\NLR\INFOCOMM10\1000264961 _12001#$aПередовой научно-технический и производственный опыт$fГос. Ком. Совета Министров РСФСР по координации науч.-исслед. работ. Гос. Науч.-исслед. ин-т науч. и техн. информации$v1968, №6-68-779 |
|
| 700 | 1 |
_aШатунова _bЛ.П. _4070 |
|
| 801 | 1 |
_aRU _bInfoComm _c20040913 |
|
| 801 | 0 |
_aRU _bNLR _gPSBO |
|
| 852 |
_aNLR _jП11/2295 |
||
| 942 | _cISSUE | ||
| 980 | _aNB | ||
| 980 | _aRUSPER | ||